Kinetic analysis of macromolecules : (Record no. 6777)

MARC details
000 -LEADER
fixed length control field 01387cam a22003617a 4500
001 - CONTROL NUMBER
control field 13517221
003 - CONTROL NUMBER IDENTIFIER
control field OSt
005 - DATE AND TIME OF LATEST TRANSACTION
control field 20210215153954.0
008 - FIXED-LENGTH DATA ELEMENTS--GENERAL INFORMATION
fixed length control field 040310s2003 enka b 001 0 eng
010 ## - LIBRARY OF CONGRESS CONTROL NUMBER
LC control number 2004296815
015 ## - NATIONAL BIBLIOGRAPHY NUMBER
National bibliography number GBA3-W5931
020 ## - INTERNATIONAL STANDARD BOOK NUMBER
International Standard Book Number 0198524935
020 ## - INTERNATIONAL STANDARD BOOK NUMBER
International Standard Book Number 0198524943 (pbk.)
035 ## - SYSTEM CONTROL NUMBER
System control number (OCoLC)ocm52486305
040 ## - CATALOGING SOURCE
Original cataloging agency UKM
Transcribing agency UKM
Modifying agency OCLCQ
-- AGL
-- DLC
042 ## - AUTHENTICATION CODE
Authentication code lccopycat
050 00 - LIBRARY OF CONGRESS CALL NUMBER
Classification number QP601.3
Item number .K56 2003
070 0# - NATIONAL AGRICULTURAL LIBRARY CALL NUMBER
Classification number QP601.3
Item number .K56 2003
082 04 - DEWEY DECIMAL CLASSIFICATION NUMBER
Classification number 572
Edition number 21
Item number KIN 2001
245 00 - TITLE STATEMENT
Title Kinetic analysis of macromolecules :
Remainder of title a practical approach /
Statement of responsibility, etc. edited by Kenneth A. Johnson.
260 ## - PUBLICATION, DISTRIBUTION, ETC. (IMPRINT)
Place of publication, distribution, etc. Oxford :
Name of publisher, distributor, etc. Oxford University Press,
Date of publication, distribution, etc. 2001.
300 ## - PHYSICAL DESCRIPTION
Extent xx, 256 p. :
Other physical details ill. ;
Dimensions 25 cm.
490 1# - SERIES STATEMENT
Series statement Practical approach series ;
Volume/sequential designation no. 267
504 ## - BIBLIOGRAPHY, ETC. NOTE
Bibliography, etc Includes bibliographical references and index.
650 #0 - SUBJECT ADDED ENTRY--TOPICAL TERM
Topical term or geographic name as entry element Enzyme kinetics.
9 (RLIN) 13430
700 1# - ADDED ENTRY--PERSONAL NAME
Personal name Johnson, K.
Fuller form of name (Kenneth),
Dates associated with a name 1931-
9 (RLIN) 13884
830 #0 - SERIES ADDED ENTRY--UNIFORM TITLE
Uniform title Practical approach series ;
Volume number/sequential designation 267.
9 (RLIN) 13885
856 42 - ELECTRONIC LOCATION AND ACCESS
Materials specified Publisher description
Uniform Resource Identifier http://www.loc.gov/catdir/enhancements/fy0620/2004296815-d.html
856 41 - ELECTRONIC LOCATION AND ACCESS
Materials specified Table of contents only
Uniform Resource Identifier http://www.loc.gov/catdir/enhancements/fy0620/2004296815-t.html
906 ## - LOCAL DATA ELEMENT F, LDF (RLIN)
a 7
b cbc
c copycat
d 2
e ncip
f 20
g y-gencatlg
942 ## - ADDED ENTRY ELEMENTS (KOHA)
Source of classification or shelving scheme Dewey Decimal Classification
Koha item type Open Shelf
Holdings
Withdrawn status Lost status Source of classification or shelving scheme Damaged status Not for loan Home library Current library Date acquired Source of acquisition Inventory number Total Checkouts Full call number Barcode Date last seen Price effective from Koha item type
    Dewey Decimal Classification     MUST Main Library MUST Main Library 15/02/2021 Donation 2004/22225   572 KIN 2001 2021-0137 15/02/2021 15/02/2021 Open Shelf